000 00331 a2200157 4500
001 60698
020 _a9788560753093
040 _cAnchieta - Pituba
100 _aCastro, Maria Edileide de Souza
240 1 0 _aEducação
_lpor
245 1 0 _aEducação
300 _a100
362 0 _a2008
650 4 _aEducação
942 _cBK
999 _c60698
_d60698